000 00512nam a2200193Ia 4500
003 OSt
005 20221007083156.0
006 a|||||r|||| 00| 0
007 ta
008 221006b |||||||| |||| 00| 0 eng d
024 _a23,022
037 _cDissertations
040 _aFLL
_cFLL
_beng
041 _2eng
_aeng
100 _aKrishnamoorthy M.A.
_9566625
245 0 _aIndustrial relations bills and settlement of disputes.
942 _cDIS
_2CC
999 _c1169091
_d1169091